Fundamentals of data warehouse (Record no. 41680)

MARC details
000 -LEADER
fixed length control field 00272nam a2200109Ia 4500
082 ## - DEWEY DECIMAL CLASSIFICATION NUMBER
Classification number 681.3
Item number JAR
100 ## - MAIN ENTRY--AUTHOR NAME
Personal name Jarke, Matthias
245 #0 - TITLE STATEMENT
Title Fundamentals of data warehouse
260 ## - PUBLICATION, DISTRIBUTION, ETC. (IMPRINT)
Place of publication Berlin
Name of publisher Springer
Year of publication 2000
942 ## - ADDED ENTRY ELEMENTS (KOHA)
Koha item type Books
Holdings
Withdrawn status Lost status Damaged status Not for loan Home library Current library Date acquired Cost, normal purchase price Full call number Accession Number Koha item type
        RRII Library RRII Library 16/12/2021 69.00 681.3 JAR 21966 Books